000 00943nam a2200265Ia 4500
003 OSt
005 20221005023749.0
006 a|||||r|||| 00| 0
007 ta
008 221004b |||||||| |||| 00| 0 eng d
020 _a9780253219992 (pbk)
_c1021.40
024 _a91401
037 _b26720, 11/12/2008, Segment Book Distributors
_cTextual
040 _aCRL
_cCRL
_beng
041 _2eng
_aeng
082 _aV2-49G:594.N5, P8
100 _aMarston Daniel P. Ed.
_915269
245 0 _aMilitary history of India and South Asia
_b From the East India Company to the nuclear era
260 _aBloomington
_bIndiana University Press U.S.A
_c2008
300 _axii, 238p.
_ccm.
650 _aHISTORY
700 _a Sundaram Cjandar S. Ed.
_9580041
942 _hV2-49G:594.N5, P8
_cTEXL
_2cc
999 _c931770
_d931770